Mendelian inheritance in man : catalogs of autosomal dominant, autosomal recessive, and X-linked phenotypes /

Saved in:
Bibliographic Details
Main Author: McKusick, Victor A. (Victor Almon), 1921-
Format: Book
Language:English
Published: Baltimore : Johns Hopkins University Press, 1978.
Edition:5th ed.
Subjects:
LEADER 01185nam a2200289 i 4500
001 c000043419
003 CARM
005 00000000000000.0
008 780621s1978 mdu bd 00110 eng
019 1 |a 1219791  |5 LACONCORD2021 
020 |a 0801820871 
035 |a (OCoLC)4057435  |5 LACONCORD2021 
050 0 0 |a Z6675.M4  |b M33 1978  |a RB155 
100 1 |a McKusick, Victor A.  |q (Victor Almon),  |d 1921- 
245 1 0 |a Mendelian inheritance in man :  |b catalogs of autosomal dominant, autosomal recessive, and X-linked phenotypes /  |c Victor A. McKusick ; computerization, David R. Bolling. 
250 |a 5th ed. 
260 |a Baltimore :  |b Johns Hopkins University Press,  |c 1978. 
300 |a xci, 975 p. ;  |c 26 cm. 
500 |a Includes indexes. 
504 |a Bibliography: p. xxii-xxiii. 
650 0 |a Medical genetics  |x Bibliography. 
650 0 |a Medical genetics  |x Dictionaries. 
650 0 |a Human chromosomes  |x Bibliography. 
852 8 |b CARM  |h A2:AK31E0  |i C03653  |p 0196188  |f BK 
082 0 4 |a 016.616/042 
999 f f |i 501e0329-cfc7-580a-82ec-5ed02dafc7f0  |s f63ab044-487b-5f4c-9642-dcc953cb71ae 
952 f f |p Can circulate  |a CAVAL  |b CAVAL  |c CAVAL  |d CARM 1 Store  |e C03653  |f A2:AK31E0  |h Other scheme  |i book  |m 0196188